| 000 | 00665cam a2200205 4500500 | ||
|---|---|---|---|
| 005 | 20260405001204.0 | ||
| 041 | _afre | ||
| 042 | _adc | ||
| 100 | 1 | 0 |
_aLegros, Martin _eauthor |
| 245 | 0 | 0 | _aFrançois Hollande, Pierre Rosanvallon. Y a-t-il des idées pour sauver la gauche ? |
| 260 | _c2011. | ||
| 500 | _a4 | ||
| 690 | _aFrançois Hollande | ||
| 690 | _aIntellectuel | ||
| 690 | _aPierre Rosanvallon | ||
| 690 | _aPrésident | ||
| 690 | _aSocialisme | ||
| 786 | 0 | _nPhilosophie magazine | 53 | 10 | 2011-10-01 | p. 12-15 | 1951-1787 | |
| 856 | 4 | 1 | _uhttps://shs.cairn.info/magazine-philosophie-magazine-2011-10-page-12?lang=fr&redirect-ssocas=7080 |
| 999 |
_c2044993 _d2044993 |
||